[Event "Madrid-ch Previa B"]
[Site "Madrid"]
[Date "2023.02.17"]
[Round "6.6"]
[White "Vinas Lopez, Carlos"]
[Black "Lozano Freras, Sergio"]
[Result "1/2-1/2"]
[WhiteElo "1837"]
[BlackElo "1947"]
[PlyCount "45"]
[EventDate "2023.02.02"]
[EventType "swiss"]
[EventRounds "9"]
[EventCountry "ESP"]
[SourceTitle "EXT 2024"]
[Source "ChessBase"]
[SourceDate "2023.10.10"]
[SourceVersion "1"]
[SourceVersionDate "2023.10.10"]
[SourceQuality "1"]

1. d4 d6 2. Nf3 Nf6 3. c4 g6 4. Nc3 Bg7 5. e4 0-0 6. h3 e5 7. dxe5 dxe5 8. Qxd8 Rxd8 9. Bg5 c6 10. Nxe5 Re8 11. 0-0-0 Na6 12. Nf3 h6 13. Be3 Nxe4 14. Nxe4 Rxe4 15. Rd8+ Kh7 16. Bd3 Re7 17. Rd1 Nc7 18. Bc2 Ne6 19. R8d2 b6 20. Be4 Ba6 21. b3 Rc7 22. Rd7 Rac8 23. Rxc7 1/2-1/2

[Event "Madrid Vicalvaro op"]
[Site "Madrid"]
[Date "2022.06.12"]
[Round "6"]
[White "Andringa, Arjo"]
[Black "Lozano Freras, Sergio"]
[Result "0-1"]
[WhiteElo "1592"]
[BlackElo "1945"]
[PlyCount "54"]
[EventDate "2022.05.08"]
[EventType "swiss"]
[EventRounds "7"]
[EventCountry "ESP"]
[SourceTitle "EXT 2024"]
[Source "ChessBase"]
[SourceDate "2023.10.10"]
[SourceVersion "1"]
[SourceVersionDate "2023.10.10"]
[SourceQuality "1"]

1. e4 d6 2. d4 Nf6 3. Nc3 e5 4. Nf3 Nbd7 5. Bc4 Be7 6. 0-0 0-0 7. a4 c6 8. Re1 h6 9. Ba2 a5 10. h3 Re8 11. Be3 exd4 12. Qxd4 Nc5 13. Rad1 Be6 14. Bxe6 Nxe6 15. Qd3 Qc7 16. Nd4 Nc5 17. Qc4 Bf8 18. f3 g6 19. Nde2 d5 20. Qd4 Ncd7 21. exd5 Bc5 22. Qc4 Bxe3+ 23. Kh1 Nb6 24. Nb5 Qe5 25. f4 Nxc4 26. fxe5 cxb5 27. exf6 Bf2 0-1

[Event "Madrid Vicalvaro op"]
[Site "Madrid"]
[Date "2022.06.05"]
[Round "5"]
[White "Lozano Freras, Sergio"]
[Black "Martin Sanchez, Fernando"]
[Result "1-0"]
[WhiteElo "1945"]
[BlackElo "1522"]
[PlyCount "27"]
[EventDate "2022.05.08"]
[EventType "swiss"]
[EventRounds "7"]
[EventCountry "ESP"]
[SourceTitle "EXT 2024"]
[Source "ChessBase"]
[SourceDate "2023.10.10"]
[SourceVersion "1"]
[SourceVersionDate "2023.10.10"]
[SourceQuality "1"]

1. e4 c5 2. Nf3 Nc6 3. d4 cxd4 4. Nxd4 Nf6 5. Nc3 a6 6. Nxc6 bxc6 7. e5 Ng8 8. Bc4 e6 9. 0-0 Bc5 10. Ne4 Qb6 11. Qg4 Kf8 12. a4 a5 13. b3 Ba6 14. Nxc5 1-0

[Event "Madrid Vicalvaro op"]
[Site "Madrid"]
[Date "2022.05.14"]
[Round "2"]
[White "Lozano Freras, Sergio"]
[Black "Paniagua Quinones, Carlos"]
[Result "0-1"]
[WhiteElo "1945"]
[BlackElo "1609"]
[PlyCount "96"]
[EventDate "2022.05.08"]
[EventType "swiss"]
[EventRounds "7"]
[EventCountry "ESP"]
[SourceTitle "EXT 2024"]
[Source "ChessBase"]
[SourceDate "2023.10.10"]
[SourceVersion "1"]
[SourceVersionDate "2023.10.10"]
[SourceQuality "1"]

1. e4 c5 2. Nf3 e6 3. d4 cxd4 4. Nxd4 a6 5. Bd3 Qc7 6. 0-0 Nc6 7. Nxc6 Qxc6 8. Nc3 Nf6 9. Re1 b5 10. e5 Bb7 11. Bf1 Nd5 12. Nxd5 Qxd5 13. Qxd5 Bxd5 14. c3 Bc5 15. b4 Bb6 16. a4 Ke7 17. Be3 Bxe3 18. Rxe3 Bc6 19. axb5 axb5 20. Ree1 d6 21. f4 Rhd8 22. Kf2 dxe5 23. Rxa8 Rxa8 24. Rxe5 Ra2+ 25. Kg3 Bd5 26. Bxb5 Rxg2+ 27. Kh3 Rg1 28. Re3 Kf6 29. Rg3 Rc1 30. Be8 Rc2 31. Bb5 h6 32. Re3 g5 33. fxg5+ hxg5 34. Be2 Kg7 35. b5 f5 36. Bf1 f4 37. Rd3 Kf6 38. b6 Rb2 39. Kg4 Rxb6 40. Rh3 Rb1 41. Bd3 Rg1+ 42. Kh5 e5 43. Kh6 e4 44. Bb5 f3 45. c4 Be6 46. Rh5 e3 47. h4 gxh4 48. Rxh4 Bf5 0-1

[Event "Alcorcon Diagonal op 1st"]
[Site "Alcorcon"]
[Date "2022.02.26"]
[Round "7"]
[White "Rey Martinez, Jaime"]
[Black "Lozano Freras, Sergio"]
[Result "1/2-1/2"]
[WhiteElo "2039"]
[BlackElo "1975"]
[PlyCount "47"]
[EventDate "2022.01.15"]
[EventType "swiss"]
[EventRounds "7"]
[EventCountry "ESP"]
[SourceTitle "EXT 2023"]
[Source "ChessBase"]
[SourceDate "2022.10.05"]
[SourceVersion "1"]
[SourceVersionDate "2022.10.05"]
[SourceQuality "1"]

1. e4 d6 2. d4 Nf6 3. Nd2 e5 4. c3 g6 5. Bd3 Bg7 6. Ne2 0-0 7. 0-0 Nc6 8. dxe5 Nxe5 9. Bc2 d5 10. h3 Nxe4 11. Nxe4 dxe4 12. Bxe4 Qh4 13. Qc2 c6 14. Bf4 f5 15. Bd3 Nxd3 16. Qxd3 Be6 17. b3 Rfe8 18. Rad1 Rad8 19. Qc2 Bd5 20. Bg3 Qe4 21. Qxe4 Bxe4 22. Nd4 Bxd4 23. cxd4 Kf7 24. f3 1/2-1/2

[Event "Alcorcon Diagonal op 1st"]
[Site "Alcorcon"]
[Date "2022.01.22"]
[Round "2"]
[White "Lozano Freras, Sergio"]
[Black "Lozano Argueso, Cesar"]
[Result "1-0"]
[WhiteElo "1975"]
[BlackElo "1649"]
[PlyCount "127"]
[EventDate "2022.01.15"]
[EventType "swiss"]
[EventRounds "7"]
[EventCountry "ESP"]
[SourceTitle "EXT 2023"]
[Source "ChessBase"]
[SourceDate "2022.10.05"]
[SourceVersion "1"]
[SourceVersionDate "2022.10.05"]
[SourceQuality "1"]

1. e4 c5 2. Nf3 d6 3. d4 cxd4 4. Nxd4 Nf6 5. Nc3 a6 6. Bd3 e5 7. Nf3 Be6 8. Ng5 Qc7 9. Nxe6 fxe6 10. Be2 b5 11. a3 Nc6 12. Bg5 Be7 13. Bh5+ Nxh5 14. Qxh5+ g6 15. Qh4 Nd4 16. 0-0 Bxg5 17. Qxg5 Qd8 18. Qd2 Qh4 19. f3 Rc8 20. Rac1 g5 21. Ne2 Nxe2+ 22. Qxe2 Qf4 23. Qd3 Ke7 24. g3 Qf6 25. Qe3 Rc5 26. b4 Rc7 27. Qb6 Rc3 28. Qb7+ Kf8 29. Qxa6 Kg7 30. Qxd6 Rf8 31. Qd2 Rfc8 32. Rf2 Qe7 33. Rd1 Rxc2 34. Qd7 Kf7 35. Qxb5 Kf6 36. Rd7 Rc1+ 37. Kg2 Qe8 38. Qb7 Rb8 39. Rf7+ Kg6 40. Rg7+ Kf6 41. Qd7 Qxd7 42. Rxd7 Ra1 43. Ra7 Rxb4 44. axb4 Rxa7 45. Rb2 Rb7 46. g4 Ke7 47. h4 h6 48. hxg5 hxg5 49. Kf2 Kd6 50. Ke3 Kc6 51. Rc2+ Kd6 52. Rc4 Ra7 53. Kd3 Ra3+ 54. Rc3 Ra1 55. Kc4 Kc6 56. Kb3+ Kb7 57. b5 Rb1+ 58. Ka4 Ra1+ 59. Kb4 Rb1+ 60. Kc5 Rd1 61. b6 Rd2 62. Ra3 Rc2+ 63. Kd6 Kxb6 64. Rb3+ 1-0

[Event "Madrid Chamartin op 6th"]
[Site "Madrid"]
[Date "2017.09.08"]
[Round "7"]
[White "Lozano Freras, Sergio"]
[Black "Barragan Panal, Juan Jose"]
[Result "1-0"]
[WhiteElo "1969"]
[BlackElo "1683"]
[PlyCount "103"]
[EventDate "2017.09.04"]
[EventType "swiss"]
[EventRounds "9"]
[EventCountry "ESP"]
[SourceTitle "CBM 180 Extra"]
[Source "ChessBase"]
[SourceDate "2017.10.06"]
[SourceVersion "1"]
[SourceVersionDate "2017.10.06"]
[SourceQuality "1"]

1. e4 c6 2. d4 d5 3. exd5 cxd5 4. c4 Nf6 5. Nc3 Nc6 6. Bg5 e6 7. Nf3 Be7 8. c5 0-0 9. Bb5 Bd7 10. 0-0 Ne4 11. Bxe7 Nxc3 12. Bxd8 Nxd1 13. Bc7 Nxb2 14. Bd6 Rfc8 15. Rab1 Nc4 16. Bxc4 dxc4 17. Rxb7 Be8 18. Rc1 Na5 19. Rb4 Bc6 20. Ne5 Bd5 21. Rb5 Nc6 22. Nxc6 Rxc6 23. Rc3 Ra6 24. a3 Rc8 25. Kf1 h6 26. Ke2 Kh7 27. Kd2 Ra4 28. f3 Kg6 29. Kc2 Kf5 30. Rb4 Ra5 31. a4 Kg6 32. Rcxc4 Bxc4 33. Rxc4 Ra6 34. Kb3 Rac6 35. Rb4 h5 36. Rb7 a6 37. Rb6 Kf5 38. Kb4 f6 39. Ka5 g5 40. Rxa6 e5 41. dxe5 Rxc5+ 42. Bxc5 Rxc5+ 43. Kb4 Rxe5 44. Ra5 Kf4 45. Rxe5 fxe5 46. a5 g4 47. a6 gxf3 48. gxf3 Kxf3 49. a7 Kg2 50. a8Q+ Kxh2 51. Qh8 Kg3 52. Qxh5 1-0

[Event "Madrid Chamartin op 6th"]
[Site "Madrid"]
[Date "2017.09.06"]
[Round "4"]
[White "Alvarez Serrano, Carlos"]
[Black "Lozano Freras, Sergio"]
[Result "1-0"]
[WhiteElo "2212"]
[BlackElo "1969"]
[PlyCount "75"]
[EventDate "2017.09.04"]
[EventType "swiss"]
[EventRounds "9"]
[EventCountry "ESP"]
[SourceTitle "CBM 180 Extra"]
[Source "ChessBase"]
[SourceDate "2017.10.06"]
[SourceVersion "1"]
[SourceVersionDate "2017.10.06"]
[SourceQuality "1"]

1. d4 Nf6 2. c4 d6 3. Nf3 g6 4. g3 Bg7 5. Bg2 0-0 6. 0-0 a6 7. Nc3 Nc6 8. Qd3 b5 9. Nd2 Bf5 10. e4 Bd7 11. cxb5 axb5 12. Ne2 e5 13. d5 Nb4 14. Qb1 c5 15. dxc6 Bxc6 16. Nb3 Qb6 17. Be3 Qb7 18. a3 Na6 19. Na5 Qd7 20. Nxc6 Qxc6 21. Rc1 Qd7 22. h3 Rfc8 23. b4 Rc6 24. Qd3 Rac8 25. Nc3 Rc4 26. Nxb5 Qxb5 27. Bf1 d5 28. exd5 e4 29. Rxc4 exd3 30. Rxc8+ Ne8 31. Bxd3 Qd7 32. Rac1 h6 33. Bxa6 Kh7 34. Bf1 Nf6 35. R8c5 Ne4 36. Rc7 Qxd5 37. Bg2 Qd3 38. Bxe4 1-0

[Event "San Sebastian de los Reyes op 18th"]
[Site "San Sebastian"]
[Date "2016.12.04"]
[Round "2"]
[White "Lozano Freras, Sergio"]
[Black "Fernandez Lledo, Javier"]
[Result "1-0"]
[WhiteElo "1904"]
[BlackElo "2242"]
[PlyCount "63"]
[EventDate "2016.12.03"]
[EventType "swiss"]
[EventRounds "9"]
[EventCountry "ESP"]
[SourceTitle "CBM 176 Extra"]
[Source "ChessBase"]
[SourceDate "2017.03.02"]
[SourceVersion "1"]
[SourceVersionDate "2017.03.02"]
[SourceQuality "1"]

1. e4 c5 2. Nf3 e6 3. d4 cxd4 4. Nxd4 Nc6 5. Nc3 Qc7 6. Ndb5 Qb8 7. Be3 a6 8. Bb6 axb5 9. Nxb5 Bb4+ 10. c3 Ba5 11. Nc7+ Qxc7 12. Bxc7 Bxc7 13. Qg4 Kf8 14. Bb5 Nge7 15. 0-0 d5 16. exd5 exd5 17. Qe2 Be6 18. a4 g6 19. b4 Kg7 20. a5 d4 21. Bxc6 Nxc6 22. a6 dxc3 23. axb7 Rxa1 24. Rxa1 Nxb4 25. Qe3 Nd5 26. Qd4+ f6 27. Ra8 Rb8 28. Qc5 Kh6 29. Rxb8 Bxb8 30. Qf8+ Kh5 31. Qxb8 c2 32. Qc8 1-0

[Event "Madrid San Viator op 24th"]
[Site "Madrid"]
[Date "2015.05.17"]
[Round "7"]
[White "Lozano Freras, Sergio"]
[Black "Cabanas Bravo, Juan Andres"]
[Result "0-1"]
[WhiteElo "1992"]
[BlackElo "2054"]
[PlyCount "112"]
[EventDate "2015.03.22"]
[EventType "swiss"]
[EventRounds "9"]
[EventCountry "ESP"]
[SourceTitle "EXT 2016"]
[Source "ChessBase"]
[SourceDate "2015.10.08"]
[SourceVersion "1"]
[SourceVersionDate "2015.10.08"]
[SourceQuality "1"]

1. d4 Nf6 2. c4 g6 3. Nc3 d5 4. cxd5 Nxd5 5. Bd2 Bg7 6. e4 Nb6 7. Be3 Nc6 8. Bb5 Bd7 9. Nf3 0-0 10. h3 a6 11. Be2 Na5 12. Nd2 Nc8 13. 0-0 Nd6 14. Rc1 b5 15. a3 Be6 16. d5 Bd7 17. b4 Nab7 18. Nb3 Bxc3 19. Rxc3 Nxe4 20. Rc1 f5 21. Qc2 Rc8 22. Nd4 Nbd6 23. Bf4 Qe8 24. Qb3 g5 25. Be5 Nd2 26. Qe3 Nxf1 27. Qxg5+ Qg6 28. Qh4 Ne4 29. Bh5 Qg5 30. Qxg5+ Nxg5 31. Kxf1 Nf7 32. Bf4 Kg7 33. Rc3 Kf6 34. Re3 Rfe8 35. Ne6 c6 36. Nc5 Red8 37. Nb7 cxd5 38. Nxd8 Rxd8 39. Bxf7 Kxf7 40. Bg5 Re8 41. Rc3 Rc8 42. Rxc8 Bxc8 43. Bf4 Kf6 44. Ke2 e5 45. Bc1 f4 46. f3 Be6 47. Kd3 Kf5 48. Bd2 d4 49. Be1 Bc4+ 50. Kd2 Bf1 51. g4+ fxg3 52. Bxg3 Bxh3 53. Ke2 e4 54. fxe4+ Kxe4 55. Bf2 Bf5 56. Kd2 Kd5 0-1

[Event "Madrid2"]
[Site "Madrid"]
[Date "2006.03.04"]
[Round "4"]
[White "Navas Hernando, Oscar"]
[Black "Lozano Freras, Sergio"]
[Result "1-0"]
[WhiteElo "1774"]
[BlackElo "1983"]
[PlyCount "67"]
[EventDate "2006.02.11"]
[EventType "tourn"]
[EventRounds "9"]
[EventCountry "ESP"]
[SourceTitle "EXT 2007"]
[Source "ChessBase"]
[SourceDate "2006.11.23"]
[SourceVersion "1"]
[SourceVersionDate "2006.11.23"]
[SourceQuality "1"]

1. d4 d5 2. Nf3 Nf6 3. c4 e6 4. g3 g6 5. Bg2 Bg7 6. 0-0 0-0 7. Bg5 h6 8. Bf4 Nbd7 9. Qc2 Nh5 10. Be3 b6 11. cxd5 exd5 12. Qc6 Rb8 13. Qxd5 Bb7 14. Qc4 b5 15. Qc2 Ndf6 16. Ne5 Bxg2 17. Kxg2 Nd5 18. Bd2 Rc8 19. Ba5 b4 20. Qc5 Qg5 21. e3 Bxe5 22. Qxd5 Bd6 23. Qxg5 hxg5 24. Nd2 Rb8 25. Rac1 Rfc8 26. Rc6 Ng7 27. Rfc1 Ne6 28. Ne4 Rd8 29. d5 Rb5 30. Bxc7 Nxc7 31. Rxd6 Rxd6 32. Nxd6 Rxd5 33. Nc8 Nb5 34. Ne7+ 1-0

[Event "Madrid op3"]
[Site "Madrid"]
[Date "2005.10.16"]
[Round "6"]
[White "Cano Cortes Cartagena, Juan Jose"]
[Black "Lozano Freras, Sergio"]
[Result "1-0"]
[WhiteElo "1966"]
[BlackElo "1992"]
[PlyCount "43"]
[EventDate "2005.10.07"]
[EventType "swiss"]
[EventRounds "9"]
[EventCountry "ESP"]
[SourceTitle "EXT 2006"]
[Source "ChessBase"]
[SourceDate "2005.11.24"]
[SourceVersion "1"]
[SourceVersionDate "2005.11.24"]
[SourceQuality "1"]

1. e4 e5 2. Nf3 Nc6 3. Bb5 a6 4. Ba4 Nf6 5. 0-0 b5 6. Bb3 Be7 7. Re1 d6 8. h3 0-0 9. c3 Bb7 10. d4 Re8 11. Nbd2 Bf8 12. d5 Nb8 13. Nf1 Nbd7 14. Ng3 g6 15. Be3 c6 16. dxc6 Bxc6 17. Ng5 Re7 18. Qxd6 Qc8 19. Nxf7 Rxf7 20. Qe6 Qe8 21. Qxc6 Rc8 22. Qxa6 1-0